00878nam a2200217 a 4500001001000000003000500010005001700015008004100032010001100073011001100084040000900095100002700104245014900131260004000280500006000320502009600380650003600476650004400512650003400556856007000590000113133CHAP20220329144340.0170428s2016 mx sm |||||||spa d a109594 a110566 cCHAP1 aJiménez Pérez, Ana10aRestricción nutricional en el periodo periconcepcional y desarrollo fetal temprano en ovejas de peloh[En línea]cpor Ana Jiménez Pérez. aDurango, Méx. :bEl autor,c2016. aPara ver el contenido del material haga clic en la liga aTesis (Ing. en Sistemas Pecuarios) -- UACH. Unidad Regional Universitaria de Zonas Áridas14aGanado lanarxDesarrollo fetal.14aGanado lanarxGestaciónxNutrición.14aGanado lanarxReproducción. aFinding aiduhttp://10.13.5.2/tesis/sist113133.pdfzTeclea aquí